000 00516cas a2200169 04500
001 45756
090 _a45756
100 _a19831201a1981 m a0pory5003 ba
101 0 _apor
102 _aPT
200 1 _aInformacão cartográfica
_fComissão de Coordenacão da Região do Alentejo
210 9 _aÉvora
_cComissão de Coordenacão da Região do Alentejo
_d1981-
215 _d30 cm
675 _a912(05)
_vmed
_zpor
712 0 1 _aPortugal.
_bComissão de Coordena—cão da Região do Alentejo
801 0 _aPT
_bBN
_gRPC
990 _cLIVROS